| 000 | 00365nam a2200109Ia 4500 | ||
|---|---|---|---|
| 008 | 160909s9999 xx 000 0 und d | ||
| 100 | _aFarlik, John T. | ||
| 245 | _aProject success in agile development software projects | ||
| 260 |
_bCapella University. _c2016 |
||
| 650 | _aFINANCIAL MANAGEMENT | ||
| 856 | _uhttp://pqdtopen.proquest.com/doc/1793941023.html?FMT=ABS | ||
| 999 |
_c304585 _d304585 |
||